[Event "WchT Blitz Pool B"]
[Site "London"]
[Date "2025.06.14"]
[Round "2.3"]
[White "George Samir, David"]
[Black "Martirosyan, Haik M"]
[Result "0-1"]
[WhiteElo "2356"]
[BlackElo "2635"]
[PlyCount "114"]
[EventDate "2025.06.14"]
[EventType "team-tourn"]
[EventRounds "13"]
[EventCountry "ENG"]
[SourceTitle "CB25_2025"]
[SourceDate "2025.06.18"]
[SourceVersion "1"]
[SourceVersionDate "2025.06.18"]
[SourceQuality "1"]
[WhiteTeam "Mother Continent"]
[BlackTeam "Freedom"]
[WhiteTeamCountry "RSA"]
[BlackTeamCountry "IND"]

1. e4 e5 2. Nf3 Nc6 3. Bb5 Nf6 4. 0-0 Nxe4 5. d4 Nd6 6. dxe5 Nxb5 7. a4 d6 8. axb5 Nxe5 9. Nxe5 dxe5 10. Qxd8+ Kxd8 11. Be3 Bf5 12. Rd1+ Kc8 13. c4 Be6 14. Ra4 Be7 15. Nc3 Rd8 16. Nd5 Bxd5 17. cxd5 b6 18. f4 exf4 19. Bxf4 Bc5+ 20. Kf1 Kb7 21. b4 Bd6 22. Bxd6 Rxd6 23. Ra2 a5 24. bxa5 Rxa5 25. Rb2 Ra4 26. Ke2 Kc8 27. Ke3 Kd7 28. Rd4 Ra3+ 29. Ke4 Ra1 30. Rf2 f6 31. Rb2 Re1+ 32. Kd3 Rd1+ 33. Kc4 Rc1+ 34. Kd3 f5 35. Rf2 g6 36. Rb2 Rc5 37. Ke3 Rcxd5 38. Rxd5 Rxd5 39. g3 g5 40. h4 h6 41. hxg5 hxg5 42. Rb3 Kd6 43. Kf3 Rd4 44. Rb1 Rc4 45. Rd1+ Kc5 46. Rb1 Rc3+ 47. Kf2 Kc4 48. Rb2 Kd3 49. Rb4 Rc2+ 50. Kf3 Rc4 51. Rb3+ Kd4 52. Kf2 Rc2+ 53. Kf1 Rc3 54. Rb4+ Kc5 55. Ra4 Kxb5 56. Ra7 Kc6 57. Ra8 Rxg3 0-1

[Event "WchT Blitz Pool B"]
[Site "London"]
[Date "2025.06.14"]
[Round "11.3"]
[White "Roberson, Peter T"]
[Black "George Samir, David"]
[Result "1-0"]
[WhiteElo "2433"]
[BlackElo "2356"]
[PlyCount "109"]
[EventDate "2025.06.14"]
[EventType "team-tourn"]
[EventRounds "13"]
[EventCountry "ENG"]
[SourceTitle "CB25_2025"]
[SourceDate "2025.06.18"]
[SourceVersion "1"]
[SourceVersionDate "2025.06.18"]
[SourceQuality "1"]
[WhiteTeam "Sharks 4NCL"]
[BlackTeam "Mother Continent"]
[WhiteTeamCountry "ENG"]
[BlackTeamCountry "RSA"]

1. Nc3 e5 2. d4 exd4 3. Qxd4 Nc6 4. Qe3+ Nge7 5. Nd5 d6 6. Nh3 Be6 7. Nhf4 Qd7 8. Nxe6 fxe6 9. Nxe7 Bxe7 10. g3 e5 11. h4 Nd4 12. Qd3 Qc6 13. c3 Qxh1 14. cxd4 0-0 15. Be3 Qd5 16. Bh3 Kh8 17. dxe5 Qxd3 18. exd3 dxe5 19. Ke2 Bd6 20. Rc1 h6 21. Bg2 Rab8 22. Be4 b6 23. Rc6 Rf6 24. h5 Rc8 25. g4 Be7 26. Rc4 c5 27. a4 Rcf8 28. f3 Rd6 29. Bf2 Bg5 30. Bg3 Bf4 31. Bh4 Rd4 32. b3 Rxc4 33. bxc4 Rb8 34. Be7 Re8 35. Bh4 Kg8 36. Bd5+ Kf8 37. Kd1 Rb8 38. Kc2 a6 39. Be1 b5 40. cxb5 axb5 41. a5 Rd8 42. Be4 Rd7 43. Bf2 Rc7 44. a6 Ke8 45. Bb7 c4 46. a7 cxd3+ 47. Kxd3 Rd7+ 48. Ke4 Rd8 49. Bb6 Be3 50. Bxe3 Kd7 51. a8Q Rxa8 52. Bxa8 b4 53. Bd5 Kd6 54. Bb3 Ke7 55. Kxe5 1-0

[Event "WchT Blitz Pool B"]
[Site "London"]
[Date "2025.06.14"]
[Round "3.3"]
[White "Vujatovic, Rajko"]
[Black "George Samir, David"]
[Result "1/2-1/2"]
[WhiteElo "2222"]
[BlackElo "2356"]
[PlyCount "119"]
[EventDate "2025.06.14"]
[EventType "team-tourn"]
[EventRounds "13"]
[EventCountry "ENG"]
[SourceTitle "CB25_2025"]
[SourceDate "2025.06.18"]
[SourceVersion "1"]
[SourceVersionDate "2025.06.18"]
[SourceQuality "1"]
[WhiteTeam "Sassy Seniors"]
[BlackTeam "Mother Continent"]
[WhiteTeamCountry "ENG"]
[BlackTeamCountry "RSA"]

1. e4 c5 2. Nf3 d6 3. Bb5+ Nd7 4. c3 a6 5. Ba4 Ngf6 6. Qe2 b5 7. Bc2 Bb7 8. d4 cxd4 9. cxd4 e6 10. 0-0 Be7 11. Re1 Rc8 12. Bd3 0-0 13. Nbd2 Qb6 14. Nf1 d5 15. e5 Ne4 16. Be3 f5 17. exf6 Ndxf6 18. Ne5 Nd6 19. Ng3 Nc4 20. Nh5 Qd6 21. Nxf6+ Bxf6 22. Qh5 h6 23. Bxh6 Qc7 24. Bf4 g5 25. Qg6+ Qg7 26. Qxg7+ Kxg7 27. Bg3 Nxb2 28. Be2 Rc2 29. Bg4 Re8 30. Rac1 Rxc1 31. Rxc1 Nc4 32. f4 gxf4 33. Bxf4 Re7 34. g3 a5 35. h4 a4 36. Rb1 Ba6 37. h5 Nd6 38. h6+ Kh7 39. Rc1 Nc4 40. Rb1 Bxe5 41. Bxe5 Kxh6 42. Bf4+ Kg6 43. Kf2 Kf6 44. Rh1 Kg7 45. Be5+ Nxe5 46. dxe5 Rc7 47. Bxe6 Rc2+ 48. Kf3 d4 49. Bf5 Bb7+ 50. Be4 Bxe4+ 51. Kxe4 Rxa2 52. Rb1 d3 53. Kxd3 Ra3+ 54. Ke4 Rxg3 55. Rxb5 a3 56. Ra5 Kf7 57. Ra6 Ke7 58. Kf5 Re3 59. Kf4 Rb3 60. Kf5 1/2-1/2

[Event "WchT Rapid"]
[Site "London"]
[Date "2025.06.11"]
[Round "3.3"]
[White "Eken, Atakan"]
[Black "George Samir, David"]
[Result "0-1"]
[WhiteElo "2003"]
[BlackElo "2234"]
[PlyCount "68"]
[EventDate "2025.06.11"]
[EventType "team-swiss"]
[EventRounds "12"]
[EventCountry "ENG"]
[SourceTitle "CB25_2025"]
[SourceDate "2025.06.18"]
[SourceVersion "1"]
[SourceVersionDate "2025.06.18"]
[SourceQuality "1"]
[WhiteTeam "Istanbul Satranc"]
[BlackTeam "Mother Continent"]
[WhiteTeamCountry "TUR"]
[BlackTeamCountry "RSA"]

1. e4 c5 2. c3 Nf6 3. e5 Nd5 4. d4 cxd4 5. cxd4 Nc6 6. Nf3 e6 7. Bc4 d6 8. 0-0 Be7 9. Qe2 0-0 10. Bd2 Qb6 11. Bc3 Nxc3 12. bxc3 dxe5 13. Nxe5 Nxe5 14. Qxe5 Qb2 15. Qe2 Qxe2 16. Bxe2 Bd7 17. Bf3 Rab8 18. Nd2 Rfc8 19. Rac1 Bg5 20. Rc2 Bxd2 21. Rxd2 Rxc3 22. Rb1 b6 23. d5 e5 24. Re1 f6 25. d6 Rbc8 26. Bd5+ Kf8 27. f4 Rc1 28. Rde2 Bb5 29. Re3 exf4 30. Re4 Rxe1+ 31. Rxe1 Rd8 32. Re7 Rxd6 33. Rf7+ Ke8 34. Bb3 Rd1+ 0-1

[Event "WchT Rapid"]
[Site "London"]
[Date "2025.06.11"]
[Round "4.3"]
[White "George Samir, David"]
[Black "Shabalov, Alexander"]
[Result "0-1"]
[WhiteElo "2234"]
[BlackElo "2526"]
[PlyCount "68"]
[EventDate "2025.06.11"]
[EventType "team-swiss"]
[EventRounds "12"]
[EventCountry "ENG"]
[SourceTitle "CB25_2025"]
[SourceDate "2025.06.18"]
[SourceVersion "1"]
[SourceVersionDate "2025.06.18"]
[SourceQuality "1"]
[WhiteTeam "Mother Continent"]
[BlackTeam "Global Ramblers"]
[WhiteTeamCountry "RSA"]
[BlackTeamCountry "UKR"]

1. e4 g6 2. d4 Bg7 3. Nc3 d6 4. f4 a6 5. Be2 b5 6. e5 Nd7 7. Bf3 Rb8 8. Nge2 Nh6 9. g4 c5 10. dxc5 Nxc5 11. Nd4 dxe5 12. fxe5 Bb7 13. Be3 0-0 14. Qe2 b4 15. Nd1 Nxg4 16. Bxg4 Bxh1 17. Nf2 Bd5 18. Nb3 Nxb3 19. axb3 Bxe5 20. Nd3 Bg7 21. Rxa6 e6 22. Qf2 Ra8 23. Rb6 Be4 24. Be2 Ra1+ 25. Kd2 Bxb2 26. Rxb4 Bc1+ 27. Kc3 Qc7+ 28. Rc4 Qa5+ 29. Nb4 Bxe3 30. Qxe3 Qe5+ 31. Rd4 Rc8+ 32. Bc4 Rxc4+ 33. bxc4 Ra3+ 34. Kb2 Rxe3 0-1

[Event "Africa-ch"]
[Site "Cairo"]
[Date "2025.05.20"]
[Round "9"]
[White "Amin, Bassem"]
[Black "George Samir, David"]
[Result "1-0"]
[WhiteElo "2649"]
[BlackElo "2346"]
[PlyCount "95"]
[EventDate "2025.05.13"]
[EventType "swiss"]
[EventRounds "9"]
[EventCountry "EGY"]
[SourceTitle "CB22_2025"]
[SourceDate "2025.05.28"]
[SourceVersion "1"]
[SourceVersionDate "2025.05.28"]
[SourceQuality "1"]

1. e4 c5 2. Nf3 e6 3. b3 Nf6 4. e5 Nd5 5. Bb2 Nc6 6. g3 Be7 7. c4 Nc7 8. Bg2 0-0 9. 0-0 d5 10. exd6 Qxd6 11. Re1 Qd8 12. a3 Bf6 13. Nc3 Rb8 14. Qc2 b6 15. Rad1 Nd4 16. Nxd4 Bxd4 17. Ne2 e5 18. Bxd4 exd4 19. Nf4 Qd6 20. Be4 h6 21. Nd3 Ne6 22. f4 Bb7 23. Ne5 d3 24. Qxd3 Qxd3 25. Bxd3 Rbd8 26. Re3 Nd4 27. b4 Rfe8 28. Kf2 Re6 29. bxc5 bxc5 30. Rb1 Bc6 31. Nxc6 Rxc6 32. Rb7 Ra6 33. Be4 g5 34. fxg5 hxg5 35. Bd5 Rf6+ 36. Kg2 a6 37. Ree7 Rf8 38. Re5 Nf5 39. Rc7 g4 40. Rxc5 Kg7 41. Be4 Nh6 42. Rg5+ Kh8 43. Rc6 Rxc6 44. Bxc6 Rc8 45. Rc5 Rd8 46. Bd5 Rb8 47. Kf2 Rb2 48. Ke2 1-0

[Event "Africa-ch"]
[Site "Cairo"]
[Date "2025.05.14"]
[Round "2"]
[White "El Ghazali, Youssef M"]
[Black "George Samir, David"]
[Result "0-1"]
[WhiteElo "2149"]
[BlackElo "2346"]
[PlyCount "116"]
[EventDate "2025.05.13"]
[EventType "swiss"]
[EventRounds "9"]
[EventCountry "EGY"]
[SourceTitle "CB22_2025"]
[SourceDate "2025.05.28"]
[SourceVersion "1"]
[SourceVersionDate "2025.05.28"]
[SourceQuality "1"]

1. c4 e5 2. g3 h5 3. h3 d5 4. cxd5 Nf6 5. Bg2 Nxd5 6. Nc3 Be6 7. Nf3 Nc6 8. d3 f6 9. 0-0 Qd7 10. Kh2 Nb6 11. Be3 0-0-0 12. Rc1 g5 13. Bxb6 cxb6 14. Qa4 Kb8 15. e3 Nb4 16. Nb5 a6 17. Rc7 Qxb5 18. Rxb7+ Ka8 19. Qxb5 axb5 20. Rxb6 Bd5 21. a3 Nxd3 22. Rxb5 Ka7 23. Nd2 Bxg2 24. Kxg2 Be7 25. Nc4 Rd7 26. Ra5+ Kb7 27. Rb5+ Kc7 28. Kf3 Rb8 29. Rxb8 Kxb8 30. Ke4 Nc5+ 31. Kf5 e4 32. b4 Rd5+ 33. Kg6 Nd3 34. Kf7 Rd7 35. Ke6 Rc7 36. Nd2 Bd8 37. Nxe4 Re7+ 38. Kd5 Rd7+ 39. Ke6 Re7+ 40. Kd5 Rd7+ 41. Kc4 Ne5+ 42. Kb3 Rd3+ 43. Nc3 g4 44. hxg4 Nxg4 45. a4 Bc7 46. Rd1 Nxf2 47. Rxd3 Nxd3 48. Ne4 Be5 49. Kc4 Nc1 50. Kd5 Ne2 51. Ke6 Nxg3 52. Nf2 Nf1 53. e4 Kb7 54. Kf5 Ng3+ 55. Kg6 h4 56. a5 Ka6 57. Kf7 Bd4 58. Nh3 Nxe4 0-1

[Event "San Vicente op 9th"]
[Site "San Vicente"]
[Date "2025.04.19"]
[Round "6"]
[White "George Samir, David"]
[Black "Brodowski, Piotr"]
[Result "1-0"]
[WhiteElo "2303"]
[BlackElo "2461"]
[PlyCount "83"]
[EventDate "2025.04.16"]
[EventType "swiss"]
[EventRounds "9"]
[EventCountry "ESP"]
[SourceTitle "CB17_2025"]
[SourceDate "2025.04.23"]
[SourceVersion "1"]
[SourceVersionDate "2025.04.23"]
[SourceQuality "1"]

1. e4 e5 2. Nf3 Nc6 3. Bb5 a6 4. Ba4 Nf6 5. 0-0 d6 6. c3 Bd7 7. Re1 g6 8. h3 Bg7 9. d4 0-0 10. Nbd2 exd4 11. cxd4 Nb4 12. Bb3 Nd3 13. Re3 Nxc1 14. Rxc1 Bc6 15. e5 Nd5 16. Re1 Nf4 17. Nc4 a5 18. Kh2 Bh6 19. g3 a4 20. Bc2 Nd5 21. Ra1 Nb4 22. Bb1 dxe5 23. Nfxe5 Bb5 24. a3 Nc6 25. Nxc6 Bxc6 26. Be4 Qf6 27. Bxc6 bxc6 28. Kg2 Rfd8 29. Re5 Rab8 30. Qxa4 c5 31. dxc5 Rd3 32. Re8+ Rxe8 33. Qxe8+ Bf8 34. Ne5 Rd8 35. Ng4 Qd4 36. Qe5 Bxc5 37. Rc1 Bb6 38. Qxd4 Rxd4 39. Rc2 Rd3 40. Ne5 Rb3 41. Nc6 Kf8 42. a4 1-0

[Event "San Vicente op 9th"]
[Site "San Vicente"]
[Date "2025.04.18"]
[Round "4"]
[White "George Samir, David"]
[Black "Espinosa Aranda, Angel"]
[Result "1/2-1/2"]
[WhiteElo "2303"]
[BlackElo "2418"]
[PlyCount "90"]
[EventDate "2025.04.16"]
[EventType "swiss"]
[EventRounds "9"]
[EventCountry "ESP"]
[SourceTitle "CB17_2025"]
[SourceDate "2025.04.23"]
[SourceVersion "1"]
[SourceVersionDate "2025.04.23"]
[SourceQuality "1"]

1. e4 Nf6 2. e5 Nd5 3. d4 d6 4. c4 Nb6 5. f4 dxe5 6. fxe5 Bf5 7. Nc3 e6 8. Nf3 Bg4 9. Be3 Nc6 10. Qd2 Na5 11. b3 Bb4 12. Be2 c5 13. dxc5 Nd7 14. 0-0 Nc6 15. Rad1 Qe7 16. a3 Bxc3 17. Qxc3 0-0 18. b4 Bxf3 19. Bxf3 Ndxe5 20. Bxc6 Nxc6 21. b5 Nd8 22. Rd6 e5 23. Rfd1 Qh4 24. Rd7 Rc8 25. Qxe5 Qxc4 26. Qd5 Qc3 27. Qd3 Qe5 28. Bd4 Qg5 29. Re1 Ne6 30. Qe3 Qxe3+ 31. Bxe3 Nxc5 32. Bxc5 Rxc5 33. Rxb7 g6 34. a4 Rc2 35. Rf1 Rd8 36. Rbxf7 Rdd2 37. R7f2 Rxf2 38. Rxf2 Rc1+ 39. Rf1 Rc4 40. Ra1 Rb4 41. Kf2 Kf7 42. Ke3 Ke6 43. Kd3 Kd5 44. Kc3 Kc5 45. Ra2 h5 1/2-1/2

[Event "Reykjavik op"]
[Site "Reykjavik"]
[Date "2025.04.15"]
[Round "9"]
[White "Sivuk, Vitaly"]
[Black "George Samir, David"]
[Result "1/2-1/2"]
[WhiteElo "2505"]
[BlackElo "2303"]
[PlyCount "89"]
[EventDate "2025.04.09"]
[EventType "swiss"]
[EventRounds "9"]
[EventCountry "ISL"]
[SourceTitle "CB17_2025"]
[SourceDate "2025.04.23"]
[SourceVersion "1"]
[SourceVersionDate "2025.04.23"]
[SourceQuality "1"]

1. Nf3 Nf6 2. c4 c6 3. g3 d5 4. Bg2 g6 5. b3 d4 6. 0-0 Bg7 7. Bb2 c5 8. e3 Nc6 9. exd4 cxd4 10. d3 0-0 11. Na3 e5 12. Nc2 a5 13. a3 Bf5 14. Nh4 Bg4 15. Qd2 Qd7 16. b4 Bh3 17. b5 Nd8 18. Rae1 Bxg2 19. Kxg2 Nh5 20. a4 Ne6 21. Ba3 Rfe8 22. Kh1 b6 23. Qd1 Ng5 24. Bc1 Qb7+ 25. f3 Ne6 26. Na1 f5 27. Nb3 Rac8 28. Kg1 Qe7 29. Qc2 f4 30. g4 Qxh4 31. gxh5 Qxh5 32. Nd2 Ng5 33. Qd1 Re6 34. Ne4 Nf7 35. Qb3 Qf5 36. c5 bxc5 37. Bd2 g5 38. Bxa5 g4 39. fxg4 Qxg4+ 40. Kh1 Rg6 41. Rf2 Qh3 42. Qc4 f3 43. Qa2 c4 44. Ref1 cxd3 45. Qc4 1/2-1/2

[Event "Wch U20 62nd"]
[Site "Petrovac"]
[Date "2025.03.06"]
[Round "10"]
[White "Weidenhoefer, Max"]
[Black "George Samir, David"]
[Result "1/2-1/2"]
[WhiteElo "2044"]
[BlackElo "2338"]
[PlyCount "83"]
[EventDate "2025.02.25"]
[EventType "swiss"]
[EventRounds "11"]
[EventCountry "MNE"]
[SourceTitle "CB11_2025"]
[SourceDate "2025.03.12"]
[SourceVersion "1"]
[SourceVersionDate "2025.03.12"]
[SourceQuality "1"]

1. e4 c5 2. Nf3 e6 3. d4 cxd4 4. Nxd4 Nc6 5. Nc3 Qc7 6. Nxc6 bxc6 7. Bd3 e5 8. 0-0 Nf6 9. Qe2 Be7 10. Kh1 0-0 11. f4 d6 12. fxe5 dxe5 13. Bc4 Qb6 14. h3 a5 15. b3 Ba6 16. Bb2 Bxc4 17. Qxc4 Rfd8 18. Rad1 Qe3 19. Rd3 Rxd3 20. Qxd3 Qg5 21. Bc1 Qh4 22. Bd2 Rd8 23. Qe3 Rd4 24. Be1 Qh6 25. Qxh6 gxh6 26. Bh4 Nxe4 27. Bxe7 Nxc3 28. Bf6 Re4 29. Rf5 Nd5 30. c4 Nxf6 31. Rxf6 Re2 32. a4 Rb2 33. Rxc6 Rxb3 34. Rc5 e4 35. Rxa5 Rb4 36. Re5 Rxc4 37. a5 f6 38. Rb5 Ra4 39. Kg1 Ra2 40. Kf1 Kf7 41. g4 Ke6 42. Rh5 1/2-1/2

[Event "Wch U20 62nd"]
[Site "Petrovac"]
[Date "2025.03.04"]
[Round "8"]
[White "George Samir, David"]
[Black "Atanasov, Anthony"]
[Result "0-1"]
[WhiteElo "2338"]
[BlackElo "2423"]
[PlyCount "90"]
[EventDate "2025.02.25"]
[EventType "swiss"]
[EventRounds "11"]
[EventCountry "MNE"]
[SourceTitle "CB11_2025"]
[SourceDate "2025.03.12"]
[SourceVersion "1"]
[SourceVersionDate "2025.03.12"]
[SourceQuality "1"]

1. d4 d5 2. Nc3 Nf6 3. Bf4 a6 4. e3 h6 5. Nf3 e6 6. Bd3 c5 7. a3 Nh5 8. Be5 Nc6 9. dxc5 Bxc5 10. Qe2 Nxe5 11. Nxe5 Nf6 12. 0-0-0 Qc7 13. Ng4 Nd7 14. f4 Bxa3 15. Qe1 Bc5 16. Kb1 h5 17. Qh4 Bb4 18. Ne2 Be7 19. Qh3 Nc5 20. Ne5 Bf6 21. Rhf1 Bxe5 22. fxe5 Qxe5 23. Qf3 f5 24. Nf4 Rh6 25. h4 Bd7 26. Nxh5 Rc8 27. Bxf5 exf5 28. Rxd5 Qe7 29. Ng3 Rf6 30. Nxf5 Bxf5 31. Rxf5 Ne4 32. Rd1 Kf8 33. Qh5 Kg8 34. Rfd5 Rb6 35. Kc1 Rxb2 36. Rd8+ Rxd8 37. Rxd8+ Qxd8 38. Kxb2 Qb6+ 39. Ka1 Qf6+ 40. Kb1 Qf1+ 41. Ka2 Qc4+ 42. Ka1 Qa4+ 43. Kb2 Qb4+ 44. Kc1 Qa3+ 45. Kd1 Qa1+ 0-1

[Event "Wch U20 62nd"]
[Site "Petrovac"]
[Date "2025.03.03"]
[Round "7"]
[White "George Samir, David"]
[Black "Peglau, Paul David"]
[Result "1-0"]
[WhiteElo "2338"]
[BlackElo "1951"]
[PlyCount "63"]
[EventDate "2025.02.25"]
[EventType "swiss"]
[EventRounds "11"]
[EventCountry "MNE"]
[SourceTitle "CB11_2025"]
[SourceDate "2025.03.12"]
[SourceVersion "1"]
[SourceVersionDate "2025.03.12"]
[SourceQuality "1"]

1. e4 c6 2. d4 d5 3. e5 Bf5 4. g4 Be4 5. f3 Bg6 6. e6 fxe6 7. h4 h5 8. Bd3 Bxd3 9. Qxd3 Qd6 10. Bg5 e5 11. dxe5 Qxe5+ 12. Ne2 Qxb2 13. Qg6+ Kd7 14. Qf5+ Ke8 15. 0-0 Qxa1 16. Nbc3 Qb2 17. Qg6+ Kd8 18. Rb1 Qa3 19. Nf4 Nf6 20. Ne6+ Kd7 21. Qf5 Ke8 22. Rxb7 Kf7 23. Bf4 g6 24. Ng5+ Kg7 25. Qe6 Rg8 26. Be5 Qc1+ 27. Kf2 Qxc2+ 28. Ne2 Kh6 29. Bxf6 Rg7 30. Bxg7+ Bxg7 31. Qxe7 Bd4+ 32. Kg2 1-0

[Event "Titled Tuesday intern op 28th Jan Early"]
[Site "Chess.com INT"]
[Date "2025.01.28"]
[Round "2"]
[White "George Samir, David"]
[Black "Mathurin, Nathaniel"]
[Result "0-1"]
[WhiteElo "2338"]
[BlackElo "2006"]
[PlyCount "54"]
[EventDate "2025.01.28"]
[EventType "swiss (blitz)"]
[EventRounds "11"]
[EventCountry "USA"]
[SourceTitle "CB06_2025"]
[SourceDate "2025.02.05"]
[SourceVersion "1"]
[SourceVersionDate "2025.02.05"]
[SourceQuality "1"]

1. e4 c5 2. Nf3 d6 3. d4 cxd4 4. Nxd4 Nf6 5. Nc3 a6 6. Bg5 e6 7. f4 h6 8. Bh4 Qb6 9. a3 Nc6 10. Bf2 Qc7 11. Qe2 Be7 12. 0-0-0 Nxd4 13. Rxd4 e5 14. Rc4 Qd8 15. a4 Be6 16. Rb4 Bg4 17. Qd2 d5 18. Rxb7 d4 19. Nd5 Nxd5 20. exd5 Qxd5 21. Rb3 0-0 22. h4 Rfc8 23. Kb1 Bf5 24. Bd3 e4 25. g4 exd3 26. gxf5 dxc2+ 27. Ka2 Qxh1 0-1

[Event "Titled Tuesday intern op 28th Jan Early"]
[Site "Chess.com INT"]
[Date "2025.01.28"]
[Round "8"]
[White "Sharapov, Evgeny"]
[Black "George Samir, David"]
[Result "1-0"]
[WhiteElo "2375"]
[BlackElo "2338"]
[PlyCount "99"]
[EventDate "2025.01.28"]
[EventType "swiss (blitz)"]
[EventRounds "11"]
[EventCountry "USA"]
[SourceTitle "CB06_2025"]
[SourceDate "2025.02.05"]
[SourceVersion "1"]
[SourceVersionDate "2025.02.05"]
[SourceQuality "1"]

1. e4 c5 2. Nf3 d6 3. d4 cxd4 4. Nxd4 Nf6 5. f3 e5 6. Nb3 d5 7. Bg5 d4 8. c3 Nc6 9. Bb5 h6 10. Bxf6 Qxf6 11. cxd4 Bb4+ 12. Nc3 exd4 13. Qxd4 Qxd4 14. Nxd4 Bd7 15. Nxc6 bxc6 16. Bc4 0-0 17. 0-0-0 Rfd8 18. Rd2 Bc5 19. Kc2 Be6 20. Rxd8+ Rxd8 21. Bxe6 fxe6 22. Rd1 Rxd1 23. Kxd1 Kf7 24. Kc2 Ke7 25. Ne2 Kd6 26. Kd3 e5 27. Kc4 Be3 28. b3 g6 29. h3 h5 30. Nc3 a5 31. Na4 Bd4 32. b4 axb4 33. Kxb4 Be3 34. Kc4 Ke6 35. Nc5+ Kf6 36. a4 Bd2 37. Nb3 Be3 38. Nc5 Bd2 39. Nd3 h4 40. Kc5 Bc3 41. Kxc6 Kg5 42. Kb5 Kf6 43. a5 Ke6 44. a6 Kd6 45. Kb6 Bd4+ 46. Kb7 g5 47. a7 Bxa7 48. Kxa7 Kc6 49. Ka6 g4 50. fxg4 1-0

[Event "Qatar Masters op-A"]
[Site "Doha"]
[Date "2024.12.11"]
[Round "8"]
[White "Klukin, Kirill"]
[Black "George Samir, David"]
[Result "1/2-1/2"]
[WhiteElo "2413"]
[BlackElo "2272"]
[PlyCount "83"]
[EventDate "2024.12.03"]
[EventType "swiss"]
[EventRounds "9"]
[EventCountry "QAT"]
[SourceTitle "CB51_2024"]
[SourceDate "2024.12.18"]
[SourceVersion "1"]
[SourceVersionDate "2024.12.18"]
[SourceQuality "1"]

1. d4 d5 2. c4 e6 3. Nc3 Nf6 4. e3 c5 5. Nf3 cxd4 6. exd4 Nc6 7. Be2 dxc4 8. Bxc4 Be7 9. 0-0 0-0 10. a3 b6 11. Be3 Bb7 12. Rc1 Rc8 13. Ba2 Na5 14. Qd3 Bxf3 15. gxf3 Nh5 16. d5 Bd6 17. Ne4 Rxc1 18. Rxc1 Nf4 19. Bxf4 Bxf4 20. Rd1 exd5 21. Qxd5 Qxd5 22. Bxd5 b5 23. Nc3 a6 24. b4 Nc4 25. Bxc4 bxc4 26. Nd5 Be5 27. Rc1 Bb2 28. Rxc4 Bxa3 29. Rc6 Ra8 30. Kf1 f6 31. Rc3 Bb2 32. Rc7 Rb8 33. Ra7 Ba3 34. Rxa6 Bxb4 35. Nxb4 Rxb4 36. Ra7 h5 37. Kg2 Kh7 38. Ra5 Kh6 39. Ra6 Kg5 40. Ra5+ f5 41. Ra6 h4 42. h3 1/2-1/2

[Event "Titled Tuesday intern op 26th Nov Late"]
[Site "Chess.com INT"]
[Date "2024.11.26"]
[Round "5"]
[White "Kanakaris, Georgios"]
[Black "George Samir, David"]
[Result "1-0"]
[WhiteElo "2396"]
[BlackElo "2208"]
[PlyCount "43"]
[EventDate "2024.11.26"]
[EventType "swiss (blitz)"]
[EventRounds "11"]
[EventCountry "USA"]
[SourceTitle "CB49_2024"]
[SourceDate "2024.12.04"]
[SourceVersion "1"]
[SourceVersionDate "2024.12.04"]
[SourceQuality "1"]

1. e4 c5 2. b4 cxb4 3. a3 d5 4. exd5 Qxd5 5. Nf3 bxa3 6. Nc3 Qd8 7. Bxa3 Nc6 8. d4 e6 9. Bxf8 Kxf8 10. Bb5 Nf6 11. 0-0 g6 12. Bxc6 bxc6 13. Ne5 Kg7 14. Qf3 Bb7 15. Rfb1 Qc7 16. Na4 Rad8 17. c3 Ba8 18. Nc5 Rb8 19. g4 h6 20. Qd3 Nd5 21. Nxe6+ fxe6 22. Qxg6+ 1-0

[Event "Titled Tuesday intern op 26th Nov Late"]
[Site "Chess.com INT"]
[Date "2024.11.26"]
[Round "2"]
[White "Rasulov, Vugar Ural Oglu"]
[Black "George Samir, David"]
[Result "1-0"]
[WhiteElo "2511"]
[BlackElo "2208"]
[PlyCount "75"]
[EventDate "2024.11.26"]
[EventType "swiss (blitz)"]
[EventRounds "11"]
[EventCountry "USA"]
[SourceTitle "CB49_2024"]
[SourceDate "2024.12.04"]
[SourceVersion "1"]
[SourceVersionDate "2024.12.04"]
[SourceQuality "1"]

1. b3 e5 2. Bb2 Nc6 3. c4 Nf6 4. e3 a6 5. a3 d5 6. cxd5 Nxd5 7. Qc2 Be6 8. Nf3 f6 9. d3 Be7 10. Nbd2 0-0 11. Be2 Re8 12. 0-0 Bf8 13. b4 Bf7 14. Ne4 h6 15. Kh1 f5 16. Nc5 Qc8 17. Rac1 a5 18. b5 Bxc5 19. Qxc5 e4 20. dxe4 fxe4 21. bxc6 exf3 22. Bxf3 b6 23. Qd4 Nf6 24. Qf4 Re6 25. Rfd1 Kh8 26. Kg1 a4 27. h3 Ra5 28. h4 Bh5 29. Bxh5 Rxh5 30. Bxf6 Rxf6 31. Qxa4 Qf5 32. Rd8+ Kh7 33. Qc2 Rxh4 34. Qxf5+ Rxf5 35. Rd7 Ra5 36. Rxc7 Rxa3 37. Rb7 Ra2 38. c7 1-0

[Event "Arab-ch"]
[Site "Sharjah"]
[Date "2024.11.13"]
[Round "7"]
[White "George Samir, David"]
[Black "Ameir, Moheb"]
[Result "1-0"]
[WhiteElo "2208"]
[BlackElo "2352"]
[PlyCount "75"]
[EventDate "2024.11.07"]
[EventType "swiss"]
[EventRounds "9"]
[EventCountry "UAE"]
[SourceTitle "CB47_2024"]
[SourceDate "2024.11.20"]
[SourceVersion "1"]
[SourceVersionDate "2024.11.20"]
[SourceQuality "1"]

1. d4 Nf6 2. Nc3 d5 3. Bf4 c5 4. e3 cxd4 5. exd4 a6 6. Bd3 Nc6 7. Nge2 Nb4 8. h4 e6 9. h5 h6 10. a3 Nxd3+ 11. Qxd3 b5 12. f3 Bb7 13. g4 Nd7 14. 0-0-0 b4 15. axb4 Bxb4 16. Rdg1 Be7 17. Qe3 Nb6 18. b3 Qd7 19. g5 hxg5 20. Bxg5 f6 21. Nf4 Ba3+ 22. Kb1 0-0-0 23. Bh4 e5 24. dxe5 d4 25. Qf2 Nc4 26. Na4 Bc6 27. Qe2 d3 28. Qxd3 Nd2+ 29. Ka2 Qc7 30. Qxa6+ Bb7 31. Qe6+ Kb8 32. Kxa3 Rd4 33. Ne2 Rxa4+ 34. Kxa4 Qxc2 35. Qd6+ Ka8 36. Nd4 Qa2+ 37. Kb4 Rb8 38. Ra1 1-0

[Event "Arab-ch"]
[Site "Sharjah"]
[Date "2024.11.11"]
[Round "5"]
[White "George Samir, David"]
[Black "Idrissi, Chafik"]
[Result "1-0"]
[WhiteElo "2208"]
[BlackElo "2136"]
[PlyCount "113"]
[EventDate "2024.11.07"]
[EventType "swiss"]
[EventRounds "9"]
[EventCountry "UAE"]
[SourceTitle "CB47_2024"]
[SourceDate "2024.11.20"]
[SourceVersion "1"]
[SourceVersionDate "2024.11.20"]
[SourceQuality "1"]

1. e4 c5 2. Nf3 Nc6 3. d4 cxd4 4. Nxd4 e5 5. Nb5 d6 6. N1c3 a6 7. Na3 Be6 8. Nc4 b5 9. Ne3 Nf6 10. Ned5 Bxd5 11. Nxd5 Nxe4 12. Qf3 Nc5 13. Nf6+ gxf6 14. Qxc6+ Ke7 15. Be3 Qc8 16. Qf3 Qb7 17. b4 Qxf3 18. gxf3 Na4 19. c4 Rb8 20. a3 f5 21. f4 Bg7 22. Ra2 Rhc8 23. fxe5 Bxe5 24. cxb5 axb5 25. f4 Bb2 26. Bd2 Bd4 27. Bd3 Kf6 28. Ke2 Nb2 29. Bb1 Rg8 30. Kf3 Rbe8 31. Bc1 Na4 32. Rd1 Rg1 33. Rxg1 Bxg1 34. Rd2 Re1 35. Rxd6+ Ke7 36. Rc6 Bd4 37. Bxf5 Nc3 38. Bd2 Rf1+ 39. Kg4 Nd5 40. Be4 Nf6+ 41. Kf5 Ne8 42. Bd3 Rd1 43. Rc2 Nd6+ 44. Kg4 Rg1+ 45. Kh3 h5 46. Bc3 Bxc3 47. Rxc3 Ke6 48. Be2 Ne4 49. Re3 f5 50. Bxb5 Kf6 51. Be2 Kg6 52. Bf3 Nf2+ 53. Kh4 Ng4 54. Bxg4 Rxg4+ 55. Kh3 Rxf4 56. b5 Rf2 57. Rb3 1-0